[Event "British Chess Championships 2023: AM Tournament Open"]
[Site "De Montfort University, 20 Western Boulevard, Leicester, LE2 7BU"]
[Date "2023.07.25"]
[Round "2"]
[Board "5"]
[White "Pilley, Jack"]
[Black "Rubeck, Jonathan"]
[Result "1/2-1/2"]
[WhiteElo "2094"]
[BlackElo "1949"]
[PlyCount "0"]
[EventDate "2023.07.24"]
[EventRounds "6"]
[EventCountry "ENG"]

1. e4 e6 2. d4 d5 3. Nd2 Nf6 4. e5 Nfd7 5. Bd3 c5 6. c3 Nc6 7. Ngf3 cxd4 8. cxd4
g6 9. h4 Bg7 10. h5 b6 11. a3 a5 12. Qe2 Bb7 13. Nf1 a4 14. Bb5 Na5 15. Bxa4 Ba6
16. Bb5 Nb3 17. Rb1 Qc7 18. Bxa6 Nxc1 19. Qd1 Rxa6 20. Rxc1 Qd8 21. hxg6 hxg6 22.
Rxh8+ Bxh8 23. Ne3 Ra8 24. Qd3 Rc8 25. Rc3 Bg7 26. Ke2 Ke7 27. Qc2 Rxc3 28. Qxc3
Ke8 29. Qc6 Kf8 30. Kd3 Kg8 31. Ng5 Bxe5 32. Nxe6 fxe6 33. Qxe6+ Kg7 34. Qxd5 Bf6
35. Ke2 Qc7 36. g4 Qc8 37. f4 Qe8 38. g5 Bd8 39. Qc6 Qf7 40. d5 Nc5 41. b4 Nd7 42.
Qc3+ Kg8 43. Qc6 Kf8 44. a4 Qg7 45. a5 bxa5 46. bxa5 Qe7 47. a6 Bb6 48. Qe6 Qxe6
49. dxe6 Nc5 50. Nd5 Ba7 51. e7+ Ke8 52. Nc7+ Kxe7 53. Nb5 Bb6 54. a7 Bxa7 55. Nxa7
Ke6 56. Nc6 Kf5 57. Kf3 Ke6 58. Kg4 Kf7 59. f5 gxf5+ 60. Kxf5 Ne6 61. Ne5+ Ke7 62.
g6 Ng7+ 63. Kg5 Ke6 64. Nf3 Ne8 65. Nd4+ Ke7 66. Kf5 Ng7+ 67. Ke5 Nh5 68. Nf5+ Kf8
69. Ke6  1/2-1/2

[Event "British Chess Championships 2023: AM Tournament Open"]
[Site "De Montfort University, 20 Western Boulevard, Leicester, LE2 7BU"]
[Date "2023.07.25"]
[Round "2"]
[Board "6"]
[White "Banerjee, Supratit"]
[Black "Verbytski, Oleg"]
[Result "1-0"]
[WhiteElo "2059"]
[BlackElo "1886"]
[PlyCount "0"]
[EventDate "2023.07.24"]
[EventRounds "6"]
[EventCountry "ENG"]

1. e4 c5 2. c3 Nf6 3. e5 Nd5 4. d4 cxd4 5. cxd4 Nc6 6. Nf3 d6 7. Bc4 Nb6 8. Bb5 dxe5
9. Nxe5 Bd7 10. Nxd7 Qxd7 11. O-O e6 12. Nc3 a6 13. Bxc6 Qxc6 14. Re1 Be7 15. Qb3
Rd8 16. Be3 Nd5 17. Rac1 Nxe3 18. fxe3 b5 19. a4 b4 20. Nb5 Qb7 21. Nc7+ Kf8 22.
Qc4 g6 23. Rf1 Kg7 24. Rxf7+ Kh6 25. Rxe7 Qe4 26. Qxe6 Qh4 27. Qh3 Qxh3 28. gxh3
Rd6 29. d5 Rf8 30. e4 Rdf6 31. Ne6 Rh8 32. d6 Rf3 33. d7 a5 34. Re8 Rd3 35. Rxh8
Rxd7 36. Rc7 Rxc7 37. Nxc7 Kg5 38. e5 h5 39. e6 Kf6 40. Rf8+ Kg5 41. e7 b3 42. e8=Q
Kh4 43. Qe7+ Kxh3 44. Qe3+ Kg4 45. Qg3#  1-0

[Event "British Chess Championships 2023: AM Tournament Open"]
[Site "De Montfort University, 20 Western Boulevard, Leicester, LE2 7BU"]
[Date "2023.07.25"]
[Round "2"]
[Board "7"]
[White "Dayal, Samar"]
[Black "Rathbone-Jones, Ifan"]
[Result "0-1"]
[WhiteElo "1433"]
[BlackElo "2051"]
[PlyCount "0"]
[EventDate "2023.07.24"]
[EventRounds "6"]
[EventCountry "ENG"]

1. e4 d5 2. exd5 Nf6 3. c4 c6 4. d4 cxd5 5. Nc3 e6 6. c5 Bd7 7. Nf3 Ne4 8. Qc2 Nxc3
9. Qxc3 a5 10. Ne5 b6 11. Qf3 Qf6 12. Qxf6 gxf6 13. Nxd7 Kxd7 14. Bb5+ Nc6 15. Bd2
bxc5 16. dxc5 Kc7 17. Ba4 Be7 18. O-O Rhb8 19. b3 Nd4 20. Be3 Ne2+ 21. Kh1 Nc3 22.
a3 e5 23. f4 Nxa4 24. bxa4 Rb3 25. Bg1 e4 26. Bd4 Kc6 27. f5 Rd3 28. Rfd1 Rxd1+ 29.
Rxd1 Rb8 30. Kg1 Rb3 31. Kf2 Rxa3 32. Rb1 Rxa4 33. Rb6+ Kc7 34. Ke3 Ra3+ 35. Kf4
Rd3 36. Bf2 e3 37. Be1 Ra3 38. Kf3 Bxc5 39. Rxf6 d4 40. Rxf7+ Kc6 41. Rf6+ Kd5 42.
Re6 Ra1 43. Bg3  0-1

[Event "British Chess Championships 2023: AM Tournament Open"]
[Site "De Montfort University, 20 Western Boulevard, Leicester, LE2 7BU"]
[Date "2023.07.25"]
[Round "2"]
[Board "8"]
[White "Brown, Tom"]
[Black "Clarke, Brandon Gi"]
[Result "0-1"]
[WhiteElo "2017"]
[BlackElo "2577"]
[PlyCount "0"]
[EventDate "2023.07.24"]
[EventRounds "6"]
[EventCountry "ENG"]

1. d4 Nf6 2. Nf3 g6 3. Nbd2 Bg7 4. e4 O-O 5. Bd3 d6 6. O-O Nc6 7. c3 e5 8. dxe5 Nxe5
9. Nxe5 dxe5 10. Nc4 Nh5 11. g3 Qe7 12. Qe2 Bh3 13. Re1 Rfd8 14. a4 Qf6 15. a5 Bf8
16. b4 Ng7 17. Ne3 c6 18. Bc4 Ne8 19. Ng4 Qe7 20. Qf3 Nd6 21. Bb3 Bg7 22. Nh6+ Bxh6
23. Bxh6 Be6 24. Bc2 f6 25. Be3 Nc4 26. Bb3 Rd3 27. Bxc4 Bxc4 28. Rac1 Rad8 29. Red1
a6 30. Qg4 Kf7 31. h4 h5 32. Qf3 Qd7 33. Re1 Qg4 34. Qxg4 hxg4 35. Bb6 R8d7 36. Be3
Ke6 37. Kh2 Bb3 38. Kg1 Bd1 39. Bc5 Bf3 40. Bb6 g5 41. Re3 Rd1+ 42. Re1 Rxe1+ 43.
Rxe1 gxh4 44. Be3 h3 45. Kh2  0-1

[Event "British Chess Championships 2023: AM Tournament Open"]
[Site "De Montfort University, 20 Western Boulevard, Leicester, LE2 7BU"]
[Date "2023.07.25"]
[Round "2"]
[Board "9"]
[White "Verma, Aditya"]
[Black "Graham, Cassie M"]
[Result "1-0"]
[WhiteElo "2247"]
[BlackElo "2008"]
[PlyCount "0"]
[EventDate "2023.07.24"]
[EventRounds "6"]
[EventCountry "ENG"]

1. e4 c5 2. Nf3 d6 3. d4 cxd4 4. Nxd4 Nf6 5. Nc3 g6 6. Be3 Bg7 7. f3 O-O 8. Qd2 Nc6
9. O-O-O d5 10. Nxc6 bxc6 11. Bh6 Be6 12. Bxg7 Kxg7 13. exd5 Nxd5 14. Bc4 Qc8 15.
Nxd5 cxd5 16. Bxd5 Rd8 17. Qa5 Bxd5 18. Rxd5 Rxd5 19. Qxd5 e6 20. Qe5+ Kg8 21. Rd1
Qa6 22. a3 Rc8 23. Kb1 Qc4 24. Qe4 Qxe4 25. fxe4 Rc7 26. b3 Kf8 27. c4 Ke7 28. e5
Rc5 29. Re1 a5 30. Re4 f5 31. exf6+ Kxf6 32. b4 axb4 33. axb4 Rc7 34. c5 e5 35. Kb2
Ke6 36. Kc3 Rf7 37. Re2 Rf1 38. b5 Rb1 39. b6 Rb5 40. Kc4 Rb1 41. Re3 Rb2 42. Rb3
Rc2+ 43. Kd3  1-0

[Event "British Chess Championships 2023: AM Tournament Open"]
[Site "De Montfort University, 20 Western Boulevard, Leicester, LE2 7BU"]
[Date "2023.07.25"]
[Round "2"]
[Board "10"]
[White "Raju, Sooraj Menothuparambil"]
[Black "Kothari, Jai"]
[Result "1-0"]
[WhiteElo "2207"]
[BlackElo "2027"]
[PlyCount "0"]
[EventDate "2023.07.24"]
[EventRounds "6"]
[EventCountry "ENG"]

1. e4 e6 2. d4 d5 3. Bd3 dxe4 4. Bxe4 Nf6 5. Bf3 c5 6. Ne2 Be7 7. Nbc3 O-O 8. Bf4
Nc6 9. dxc5 Bxc5 10. O-O Nd7 11. Bd6 Bxd6 12. Qxd6 Nde5 13. Qc5 Nxf3+ 14. gxf3 Qf6
15. f4 Qe7 16. Qxe7 Nxe7 17. Rfd1 b6 18. a4 Nf5 19. a5 Bb7 20. Rd7 Bc6 21. Rc7 Rfc8
22. axb6 Rxc7 23. bxc7 Ne7 24. Nd4 Bd7 25. b4 Kf8 26. b5 Nc8 27. Ra6 Ke7 28. Na4
Nd6 29. b6 Bc8 30. Nc6+ Kd7 31. Nc5+ Kxc6 32. b7+ Kxc7 33. bxa8=Q  1-0

[Event "British Chess Championships 2023: AM Tournament Open"]
[Site "De Montfort University, 20 Western Boulevard, Leicester, LE2 7BU"]
[Date "2023.07.25"]
[Round "2"]
[Board "11"]
[White "Sheikh, Anum"]
[Black "Badacsonyi, Stanley"]
[Result "1/2-1/2"]
[WhiteElo "1940"]
[BlackElo "2190"]
[PlyCount "0"]
[EventDate "2023.07.24"]
[EventRounds "6"]
[EventCountry "ENG"]

1. e4 e6 2. d4 d5 3. Nd2 Nf6 4. e5 Nfd7 5. f4 c5 6. c3 Nc6 7. Ndf3 a6 8. a3 c4 9.
Ne2 Na5 10. Be3 Nb3 11. Rb1 Be7 12. g4 b5 13. Ng3 a5 14. f5 Nb6 15. Qc2 b4 16. Nh5
g6 17. Ng7+ Kd7 18. f6 Bxf6 19. exf6 Qxf6 20. Ne5+ Kc7 21. Qf2 Qxf2+ 22. Kxf2 f6
23. Nf7 Rg8 24. Bh6 bxa3 25. bxa3 Bd7 26. Re1 Na4 27. Nxe6+ Bxe6 28. Rxe6 Nxc3 29.
Bg2 Rge8 30. Bf4+ Kd7 31. Rd6+ Ke7 32. Nh6 Nd2 33. Re1+ Nde4+ 34. Bxe4 Nxe4+ 35.
Kg1 Red8 36. Rb6 Rd7 37. g5 f5 38. Be5 Rc8 39. h4 c3 40. Bf6+ Kf8 41. Kg2 c2 42.
Rc1  1/2-1/2

[Event "British Chess Championships 2023: AM Tournament Open"]
[Site "De Montfort University, 20 Western Boulevard, Leicester, LE2 7BU"]
[Date "2023.07.25"]
[Round "2"]
[Board "12"]
[White "Gordon, Sean"]
[Black "James, Russell A"]
[Result "1/2-1/2"]
[WhiteElo "1999"]
[BlackElo "2096"]
[PlyCount "0"]
[EventDate "2023.07.24"]
[EventRounds "6"]
[EventCountry "ENG"]

1. c4 Nf6 2. Nc3 d5 3. cxd5 Nxd5 4. g3 g6 5. Bg2 Nb6 6. h4 h5 7. Nf3 Bg7 8. d3 O-O
9. O-O Nc6 10. Bg5 Bg4 11. Rc1 Nb4 12. a3 N4d5 13. Qd2 Nxc3 14. bxc3 Qd6 15. Qa2
c5 16. c4 f6 17. Bd2 e5 18. Rfd1 f5 19. Bg5 Rae8 20. Nh2 f4 21. Nxg4 hxg4 22. Be4
Bf6 23. Bh6 Bg7 24. Bg5 Bf6  1/2-1/2

[Event "British Chess Championships 2023: AM Tournament Open"]
[Site "De Montfort University, 20 Western Boulevard, Leicester, LE2 7BU"]
[Date "2023.07.25"]
[Round "2"]
[Board "13"]
[White "Orgler, Philipp"]
[Black "Bedi, Adam"]
[Result "0-1"]
[WhiteElo "2110"]
[BlackElo "1926"]
[PlyCount "0"]
[EventDate "2023.07.24"]
[EventRounds "6"]
[EventCountry "ENG"]

1. d4 d5 2. Bg5 Nf6 3. Bxf6 exf6 4. c4 c6 5. cxd5 Qxd5 6. a3 Be6 7. Nc3 Qd8 8. e4
Nd7 9. Nge2 Nb6 10. Ng3 g6 11. d5 Bd7 12. Be2 Bg7 13. O-O O-O 14. Qb3 cxd5 15. exd5
f5 16. Rfd1 Re8 17. Bb5 Re5 18. a4 Qe8 19. a5 Nc8 20. a6 Rb8 21. axb7 Rxb7 22. Bxd7
Qxd7 23. Qa2 Nd6 24. Re1 Qe7 25. Rxe5 Qxe5 26. Nf1 Qd4 27. Rd1 Qb4 28. Qa6 Qb6 29.
Qxb6 Rxb6 30. Rd2 Nc4 31. Re2 Nxb2 32. Re8+ Bf8 33. Ra8 a6 34. g4 fxg4 35. Ne3 h5
36. Ne4 Kg7 37. Ra7 Nd3 38. Nc4 Rb1+ 39. Kg2 Nf4+ 40. Kg3 Nxd5 41. Ng5 Rb3+  0-1

[Event "British Chess Championships 2023: AM Tournament Open"]
[Site "De Montfort University, 20 Western Boulevard, Leicester, LE2 7BU"]
[Date "2023.07.25"]
[Round "2"]
[Board "14"]
[White "Santhosh, Abhyuday"]
[Black "Bansal, Saahil"]
[Result "1-0"]
[WhiteElo "1797"]
[BlackElo "2065"]
[PlyCount "0"]
[EventDate "2023.07.24"]
[EventRounds "6"]
[EventCountry "ENG"]

1. e4 e6 2. d4 b6 3. Nc3 Bb7 4. Bd3 Bb4 5. Nge2 Nf6 6. a3 Be7 7. O-O c5 8. d5 exd5
9. exd5 Nxd5 10. Nxd5 Bxd5 11. Nf4 Bb7 12. Qg4 Bf6 13. Nh5 Kf8 14. Re1 h6 15. Bf4
d5 16. Nxf6 Qxf6 17. Be5 h5 18. Qg3 h4 19. Qg4 Qh6 20. Bxg7+ Qxg7 21. Re8+ Kxe8 22.
Qxg7 Rh5 23. Re1+ Kd8 24. Qf8+ Kc7 25. Qxf7+  1-0

[Event "British Chess Championships 2023: AM Tournament Open"]
[Site "De Montfort University, 20 Western Boulevard, Leicester, LE2 7BU"]
[Date "2023.07.25"]
[Round "2"]
[Board "15"]
[White "Hodge, Steve R"]
[Black "Staniland, Philip"]
[Result "1-0"]
[WhiteElo "2035"]
[BlackElo "1908"]
[PlyCount "0"]
[EventDate "2023.07.24"]
[EventRounds "6"]
[EventCountry "ENG"]

1. e4 c6 2. d4 d5 3. Nc3 dxe4 4. Nxe4 Nf6 5. Nxf6+ exf6 6. c3 Bd6 7. Bd3 O-O 8. Qc2
Re8+ 9. Ne2 h5 10. Be3 Nd7 11. O-O-O Nf8 12. Kb1 Qc7 13. c4 b6 14. Nc3 Bb4 15. a3
Bxc3 16. Qxc3 Bd7 17. h3 Qc8 18. Qc2 h4 19. Rhe1 b5 20. b3 bxc4 21. bxc4 Qa6 22.
Qc3 c5 23. Ka1 Ba4 24. Rb1 cxd4 25. Bxd4 Rxe1 26. Rxe1 Rb8 27. Rb1 Rxb1+ 28. Bxb1
Ne6 29. Be3 Bc6 30. f3 Bd7 31. Qb4 g6 32. Bd3 f5 33. Qb8+ Kh7 34. Ka2 Qd6 35. Qxd6
 1-0

[Event "British Chess Championships 2023: AM Tournament Open"]
[Site "De Montfort University, 20 Western Boulevard, Leicester, LE2 7BU"]
[Date "2023.07.25"]
[Round "2"]
[Board "16"]
[White "Mize, Dylan"]
[Black "Davis, Timothy J"]
[Result "1/2-1/2"]
[WhiteElo "1894"]
[BlackElo "1989"]
[PlyCount "0"]
[EventDate "2023.07.24"]
[EventRounds "6"]
[EventCountry "ENG"]

1. d4 e6 2. Nf3 d5 3. e3 Nf6 4. Bd3 b6 5. b3 Nbd7 6. Bb2 Bb7 7. O-O Be7 8. Nbd2 O-O
9. Ne5 Ne4 10. f4 f5 11. Bb5 Nxe5 12. dxe5 Bc5 13. Nxe4 fxe4 14. Bd4 Qe7 15. c3  1/2-1/2

[Event "British Chess Championships 2023: AM Tournament Open"]
[Site "De Montfort University, 20 Western Boulevard, Leicester, LE2 7BU"]
[Date "2023.07.25"]
[Round "2"]
[Board "17"]
[White "Jukes, Sam"]
[Black "Kirupakaran, Vishnu"]
[Result "0-1"]
[WhiteElo "1977"]
[BlackElo "1881"]
[PlyCount "0"]
[EventDate "2023.07.24"]
[EventRounds "6"]
[EventCountry "ENG"]

1. d4 f5 2. Nf3 Nf6 3. c4 g6 4. Nc3 Bg7 5. Bg5 d6 6. h4 h6 7. Bxf6 Bxf6 8. e4 fxe4
9. Nxe4 Bg7 10. h5 g5 11. Nfxg5 hxg5 12. h6 Bxh6 13. Qh5+ Kf8 14. Qg6 Qe8 15. Qxg5
Bg7 16. Rxh8+ Bxh8 17. Be2 Qf7 18. O-O-O Bf5 19. Ng3 Bg6 20. f4 Bf6 21. Qg4 e6 22.
f5 exf5 23. Nxf5 Nc6 24. Nh4 Bxh4 25. Qxh4 Qh7 26. Rf1+ Kg8 27. Qf4 Qg7 28. Bf3 Nxd4
29. Bd5+ Kh8 30. Qh4+ Bh7 31. Rf6 Ne2+ 32. Kd1 Re8 33. g4 c6 34. Be6 Nd4 35. Rf7
Qg6 36. Qh3 Qc2+  0-1

[Event "British Chess Championships 2023: AM Tournament Open"]
[Site "De Montfort University, 20 Western Boulevard, Leicester, LE2 7BU"]
[Date "2023.07.25"]
[Round "2"]
[Board "18"]
[White "Orgler, Lukas H"]
[Black "Freeman, Ashley"]
[Result "1/2-1/2"]
[WhiteElo "1594"]
[BlackElo "1971"]
[PlyCount "0"]
[EventDate "2023.07.24"]
[EventRounds "6"]
[EventCountry "ENG"]

1. e4 e5 2. Nf3 Nc6 3. c3 Nf6 4. d4 Nxe4 5. d5 Bc5 6. Be3 Bxe3 7. fxe3 Ne7 8. Bd3
Nf6 9. e4 d6 10. O-O Ng6 11. Nbd2 O-O 12. Qe1 Nf4 13. Bc2 c6 14. c4 Ng4 15. Kh1 Qb6
16. Nb3 a5 17. Rb1 a4 18. Nc1 Ne3 19. Rf2 Nxc4 20. Nd3 Qe3 21. Nxf4 Qxe1+ 22. Nxe1
exf4 23. Rxf4 Re8 24. dxc6 bxc6 25. b3 Na3 26. Rd1 Nxc2 27. Nxc2 axb3 28. axb3 Be6
29. Nd4 Rab8 30. Nxc6 Rxb3 31. h3 g5 32. Rf2 Re3 33. Rxd6 Rxe4 34. Nd8 g4 35. hxg4
Rxg4 36. Nxe6 fxe6 37. Rd7 Rg7 38. Rfd2 Rge7 39. R7d4 e5 40. Re4 Re6 41. Rf2 Kg7
42. Kh2 Rd8 43. Rfe2 Kf6 44. Rf2+ Kg7 45. Rfe2 Kf7 46. Rxe5  1/2-1/2

[Event "British Chess Championships 2023: AM Tournament Open"]
[Site "De Montfort University, 20 Western Boulevard, Leicester, LE2 7BU"]
[Date "2023.07.26"]
[Round "3"]
[Board "1"]
[White "Rathbone-Jones, Ifan"]
[Black "Verma, Shlok"]
[Result "1/2-1/2"]
[WhiteElo "2051"]
[BlackElo "2177"]
[PlyCount "0"]
[EventDate "2023.07.24"]
[EventRounds "6"]
[EventCountry "ENG"]

1. d4 d5 2. Nf3 Nf6 3. g3 e6 4. c4 dxc4 5. Bg2 a6 6. a4 c5 7. O-O Nc6 8. Qc2 cxd4
9. Qxc4 e5 10. Ng5 Qd7 11. Bxc6 bxc6 12. Nxf7 Qxf7 13. Qxc6+ Qd7 14. Qxa8 Bc5 15.
b4 Bxb4 16. Ba3 Bxa3 17. Rxa3 O-O 18. Rb3 Qxa4 19. Rb8 Qc2 20. Qf3 Bg4 21. Qa8 Bc8
22. Qf3 Bg4 23. Qa8 Bc8  1/2-1/2

[Event "British Chess Championships 2023: AM Tournament Open"]
[Site "De Montfort University, 20 Western Boulevard, Leicester, LE2 7BU"]
[Date "2023.07.26"]
[Round "3"]
[Board "2"]
[White "Dicen, Elis Denele"]
[Black "Banerjee, Supratit"]
[Result "1/2-1/2"]
[WhiteElo "2030"]
[BlackElo "2059"]
[PlyCount "0"]
[EventDate "2023.07.24"]
[EventRounds "6"]
[EventCountry "ENG"]

1. d4 d5 2. c4 e6 3. Nc3 Nf6 4. cxd5 exd5 5. Bg5 Be7 6. e3 c6 7. Bd3 O-O 8. Nge2
Ne4 9. Bxe7 Qxe7 10. Bxe4 dxe4 11. Ng3 f5 12. O-O Be6 13. f3 Bc4 14. Re1 Bd3 15.
fxe4 fxe4 16. Qg4 Na6 17. a3 Rae8 18. Rad1 Nc7 19. Nh5 Nd5 20. Nxd5 cxd5 21. Nf4
Bc4 22. Rc1 Kh8 23. Qh5 Qf6 24. h4 Qb6 25. Rc2 Rd8 26. Rf2 Kg8 27. Qg4 Qf6 28. Rd2
Rf7 29. Rc1 Rdf8 30. Kh2 Qd6 31. g3 a5 32. Qd1 a4 33. Qxa4 Qh6 34. Qd1 Kh8 35. Qg4
Rf5 36. b3 g5 37. bxc4 gxf4 38. exf4 Rxf4 39. gxf4 Rxf4 40. Qg2 Rxh4+ 41. Kg1 Qe3+
42. Qf2 Qg5+ 43. Qg2 Rg4 44. Rf1 h5 45. Rdf2 Rxg2+ 46. Rxg2 Qe3+ 47. Kh1 Qxd4 48.
Rf5 Qd1+ 49. Rg1 Qe2  1/2-1/2

[Event "British Chess Championships 2023: AM Tournament Open"]
[Site "De Montfort University, 20 Western Boulevard, Leicester, LE2 7BU"]
[Date "2023.07.26"]
[Round "3"]
[Board "3"]
[White "Clarke, Brandon Gi"]
[Black "Ramage, Colin R"]
[Result "1-0"]
[WhiteElo "2577"]
[BlackElo "1920"]
[PlyCount "0"]
[EventDate "2023.07.24"]
[EventRounds "6"]
[EventCountry "ENG"]

1. e4 e5 2. Nf3 Nc6 3. Bb5 a6 4. Ba4 Nf6 5. O-O b5 6. Bb3 Be7 7. Re1 O-O 8. c3 d5
9. exd5 Nxd5 10. Nxe5 Nxe5 11. Rxe5 c6 12. d3 Bd6 13. Re1 Qh4 14. g3 Qh3 15. Re4
Nf6 16. Rh4 Qf5 17. Bc2 Re8 18. Nd2 Ng4 19. Nf3 h6 20. h3 Nf6 21. d4 Qe6 22. Qd3
c5 23. Bxh6 c4 24. Qd2 Bb7 25. Bxg7 Bxf3 26. Rh8+ Kxg7 27. Qh6#  1-0

[Event "British Chess Championships 2023: AM Tournament Open"]
[Site "De Montfort University, 20 Western Boulevard, Leicester, LE2 7BU"]
[Date "2023.07.26"]
[Round "3"]
[Board "4"]
[White "Pilley, Jack"]
[Black "Verma, Aditya"]
[Result "1/2-1/2"]
[WhiteElo "2094"]
[BlackElo "2247"]
[PlyCount "0"]
[EventDate "2023.07.24"]
[EventRounds "6"]
[EventCountry "ENG"]

1. e4 c5 2. Nf3 d6 3. Bb5+ Nd7 4. O-O Ngf6 5. Re1 a6 6. Bf1 b6 7. c4 Bb7 8. Nc3 e6
9. d4 cxd4 10. Nxd4 Be7 11. f3 O-O 12. Be3 Rc8 13. Rc1 Qc7 14. Qd2 Rfd8 15. Red1
Qb8 16. b3 Bf8 17. g4 Qa8 18. Bg2 Nc5 19. Qe2 Ncd7 20. g5 Ne8 21. f4 Nc5  1/2-1/2

[Event "British Chess Championships 2023: AM Tournament Open"]
[Site "De Montfort University, 20 Western Boulevard, Leicester, LE2 7BU"]
[Date "2023.07.26"]
[Round "3"]
[Board "5"]
[White "Subramanian, Anusha"]
[Black "Raju, Sooraj Menothuparambil"]
[Result "1/2-1/2"]
[WhiteElo "2029"]
[BlackElo "2207"]
[PlyCount "0"]
[EventDate "2023.07.24"]
[EventRounds "6"]
[EventCountry "ENG"]

1. d4 f5 2. c4 Nf6 3. g3 g6 4. Bg2 Bg7 5. Nc3 O-O 6. Nf3 d6 7. O-O c6 8. Qc2 Qc7
9. d5 cxd5 10. cxd5 Ne4 11. Bd2 Na6 12. Rac1 Nxd2 13. Qxd2 Bd7 14. Nd4 Qa5 15. e3
Rab8 16. Rfd1 Rfc8 17. h4 Nc5 18. Qe2 Na4 19. Nxa4 Qxa4 20. b3 Qa3 21. Qd2 a5 22.
h5 Qb4 23. hxg6 hxg6 24. Qxb4 axb4 25. Rc4 Rxc4 26. bxc4 Ra8 27. Rb1 Ra4 28. Kf1
Kf7 29. Bf3 Bc8 30. Rb2 Ra3 31. Kg2 Ke8 32. Be2 Kf7 33. Bf3 Be5 34. Be2 g5 35. Bd1
f4 36. gxf4 gxf4 37. Bb3 Bd7 38. Kf3 fxe3 39. fxe3 b5 40. Ke4 bxc4 41. Bxc4 Ra4 42.
Bb3 Ra8 43. Bc4 Ra4 44. Rf2+ Ke8 45. Bb3 Ra5 46. Nc6 Bxc6 47. dxc6 Kd8 48. Be6 Bf6
49. Bd5 e6 50. Bb3 d5+ 51. Kd3 Ke7 52. Rc2 Bc3 53. Rg2 Kd6 54. Rg6 Ra6 55. e4 dxe4+
56. Kxe4 Rxc6 57. Rxe6+ Kc5 58. Rxc6+ Kxc6  1/2-1/2

[Event "British Chess Championships 2023: AM Tournament Open"]
[Site "De Montfort University, 20 Western Boulevard, Leicester, LE2 7BU"]
[Date "2023.07.26"]
[Round "3"]
[Board "6"]
[White "Rubeck, Jonathan"]
[Black "Phan, Stefanus"]
[Result "0-1"]
[WhiteElo "1949"]
[BlackElo "2158"]
[PlyCount "0"]
[EventDate "2023.07.24"]
[EventRounds "6"]
[EventCountry "ENG"]

1. e4 c6 2. d4 d5 3. e5 Bf5 4. h4 Qc7 5. c4 e6 6. Nc3 h6 7. cxd5 cxd5 8. Nge2 Nc6
9. Ng3 Bh7 10. Bd3 Bxd3 11. Qxd3 a6 12. O-O Nge7 13. Be3 h5 14. Rac1 Rd8 15. f4 g6
16. Nce2 Qb6 17. f5 Nxf5 18. Nxf5 gxf5 19. Kh1 Be7 20. g3 Kd7 21. a3 Na5 22. Rc3
Nc4 23. Bc1 Rdg8 24. Rb3 Qc6 25. Rc3 Qb6 26. Rb3 Qc7 27. Rc3 Qd8 28. Nf4 Ke8 29.
Ng2 Qd7 30. b3 Nxa3 31. Bxa3 Bxa3 32. Qc2 Kd8 33. Nf4 Bb4 34. Rd3 Ke7 35. Qe2 Rg4
36. Rc1 Rc8 37. Rxc8 Qxc8 38. Nxh5 Re4 39. Qb2 Re1+ 40. Kg2 Rc1 41. Kh3 Rc2 42. Qb1
Rf2 43. Nf6 f4 44. Qd1 fxg3 45. Rxg3 Rc2 46. Qg4 Rc3 47. h5 Rxg3+ 48. Qxg3 Qc3 49.
h6 Qxg3+ 50. Kxg3 Kf8 51. Kf3 Bd2 52. h7 Kg7 53. Ke2 Bg5 54. Nd7 Be7 55. Kd3 Kxh7
56. Nb6 Kg7 57. Kc3 Kf8 58. b4 Ke8 59. Na4 Kd7 60. Kb3 Kc6 61. Nc3 f6 62. exf6 Bxf6
63. Ne2 e5 64. dxe5 Bxe5 65. Nc1 d4 66. Nd3 Kd5 67. Nc5 b6 68. Nxa6 Bd6 69. b5 Ke4
70. Kc2 Ke3 71. Kd1 Kd3 72. Kc1 Ke2  0-1

[Event "British Chess Championships 2023: AM Tournament Open"]
[Site "De Montfort University, 20 Western Boulevard, Leicester, LE2 7BU"]
[Date "2023.07.26"]
[Round "3"]
[Board "7"]
[White "Bedi, Adam"]
[Black "Sedykh, Mikhail"]
[Result "0-1"]
[WhiteElo "1926"]
[BlackElo "2222"]
[PlyCount "0"]
[EventDate "2023.07.24"]
[EventRounds "6"]
[EventCountry "ENG"]

1. f4 d5 2. Nf3 Nf6 3. b3 e6 4. Bb2 Be7 5. e3 O-O 6. Nc3 b6 7. Bd3 Ba6 8. Bxa6 Nxa6
9. Ne5 Nb8 10. O-O c5 11. d3 Nfd7 12. Nb1 f6 13. Nxd7 Qxd7 14. Nd2 Nc6 15. Nf3 Rfd8
16. Qe2 Bd6 17. g3 b5 18. e4 Bf8 19. e5 f5 20. c4 Rab8 21. Rac1 bxc4 22. dxc4 d4
23. Rfd1 Rb6 24. Ne1 a5 25. Nd3 Qa7 26. Ba3 Ra6 27. Rb1 a4 28. b4 cxb4 29. Bc1 Na5
30. c5 b3 31. axb3 Nxb3 32. Nb4 d3 33. Rxd3 Rxd3 34. Nxd3 Bxc5+ 35. Nxc5 Qxc5+ 36.
Be3 Qc8 37. Qb5 h6 38. Rd1 Qc6 39. Qb8+ Kh7 40. Rd6 Qf3 41. Bf2 Rc6 42. Rxc6 Qxc6
43. Qd6 Qc4 44. Qe7 Nd2 45. Bc5 Qf1#  0-1

[Event "British Chess Championships 2023: AM Tournament Open"]
[Site "De Montfort University, 20 Western Boulevard, Leicester, LE2 7BU"]
[Date "2023.07.26"]
[Round "3"]
[Board "8"]
[White "Badacsonyi, Stanley"]
[Black "Santhosh, Abhyuday"]
[Result "1/2-1/2"]
[WhiteElo "2190"]
[BlackElo "1797"]
[PlyCount "0"]
[EventDate "2023.07.24"]
[EventRounds "6"]
[EventCountry "ENG"]

1. d4 Nf6 2. Bg5 d5 3. Nd2 c5 4. c3 Nc6 5. e3 cxd4 6. exd4 Bf5 7. Ngf3 e6 8. Qb3
a6 9. Ne5 Qc7 10. Bd3 Nxe5 11. Bxf5 Nc4 12. Bd3 Nxd2 13. Bxd2 Bd6 14. h3 O-O 15.
O-O Nh5 16. Qc2 h6 17. Rfe1 b5 18. a4 Rab8 19. axb5 axb5 20. b4 Rfc8 21. Qd1 Bf4
22. Rc1 Rb6 23. Be3 Nf6 24. Bxf4 Qxf4 25. Re3  1/2-1/2

[Event "British Chess Championships 2023: AM Tournament Open"]
[Site "De Montfort University, 20 Western Boulevard, Leicester, LE2 7BU"]
[Date "2023.07.26"]
[Round "3"]
[Board "9"]
[White "Surtees, Mike J"]
[Black "Sheikh, Anum"]
[Result "1-0"]
[WhiteElo "2165"]
[BlackElo "1940"]
[PlyCount "0"]
[EventDate "2023.07.24"]
[EventRounds "6"]
[EventCountry "ENG"]

1. c3 e5 2. d4 e4 3. Bf4 d5 4. e3 Nf6 5. Nd2 Be7 6. h3 c6 7. a3 Nbd7 8. c4 Nf8 9.
Ne2 Bd7 10. Nc3 Ne6 11. Bh2 O-O 12. Be2 b6 13. Rc1 Rc8 14. cxd5 cxd5 15. Ba6 Ng5
16. Bxc8 Bxc8 17. Nb5 Bd7 18. Qb3 Bxb5 19. Qxb5 Ne6 20. O-O Ne8 21. Rc2 N8c7 22.
Qc6 Bf6 23. Bxc7 Nxc7 24. Qxc7 Qxc7 25. Rxc7 a5 26. Rfc1 h6 27. Rc8 Bd8 28. Rb8 Be7
29. Rxf8+ Bxf8 30. Rc8  1-0